Symphony No. 5 in D minor, Op. 47. Concerto No. 1 in E flat major for Cello and Orchestra, Op. 107

Bibliographic Details
Main Author: Šostakovič, Dmitrij Dmitrijevič, 1906-1975 (Author)
Corporate Author: Česká filharmonie (uci)
Other Authors: Sádlo, Miloš, 1912-2003 (uci)
Format: Book
Language:Slovak
PhysicalDescription:1 s.
Published: Praha Supraphon 1992
Series:Crystal Collection

MARC

LEADER 00000nam a2200000 a 4500
001 vtls001253607
003 SK-MaSNL
005 20260413122130.0
008 250414s1992 xo 0 slo
035 |a SNK000204426 
040 |a SNK  |b slo  |c SNK  |e AACR2 
041 0 |a slo 
044 |a xo  |c SK 
080 |a 785.11:787.3  |2 1981 
080 |a 787.3  |2 1981 
100 1 |a Šostakovič, Dmitrij Dmitrijevič,  |d 1906-1975  |4 aut  |9 117652 
245 1 0 |a Symphony No. 5 in D minor, Op. 47. Concerto No. 1 in E flat major for Cello and Orchestra, Op. 107  |h Audiozáznam  |c Dmitrij Dmitrijevič Šostakovič ; Hrá Česká filharmonie ; Na violončele hrá Miloš Sádlo ; Dir. Karel Ančerl 
260 |a Praha  |b Supraphon  |c 1992 
300 |a 1 s. 
490 0 |a Crystal Collection 
700 1 |a Sádlo, Miloš,  |d 1912-2003  |4 uci  |9 125167 
700 1 |a Ančerl, Karel  |4 dir  |9 63208 
710 2 |a Česká filharmonie  |4 uci  |9 145789 
852 |a Slovenská národná knižnica 
954 |a hudba symfonická  |a symfónie  |a hudba pre violončelo  |a platne kompaktné 
999 |c 798166  |d 800096 
952 |t P65, <07>, [BOOK], {657}  |a SNK  |b SNK  |y PREZ  |7 0  |p 17A0296810  |o snkICD 550  |i snkJK 32/93  |0 0  |1 0  |4 0  |d 2001-11-13  |l 0  |r 2005-01-01 00:00:00  |w 2026-02-24